000 00668nam a2200217Ia 4500
001 2505
003 GE_BSU
008 181216s||||||||xx |||||||||||||| ||und||
020 _a9789941170591
040 _cGE_BSU
080 _a005.7(075.8)
100 _aფარესაშვილი,ნინო;ქეშელაშვილი, გიული
245 _aორგანიზაციული ქცევა.ნ.1.
260 _aთბილისი
260 _bუნივერსალი
260 _c2010
300 _a272 გვ.
541 _h8 ლ.
653 _aორგანიზაციული ქცევა.
942 _cBK
999 _c36586
_d36586